Historia sobre del pensamiento económico (Registro nro. 4629)

Detalles MARC
000 -LEADER
fixed length control field 01395 a2200193 4500
001 - CONTROL NUMBER
control field 48561
005 - DATE AND TIME OF LATEST TRANSACTION
control field 20260407155750.0
008 - FIXED-LENGTH DATA ELEMENTS--GENERAL INFORMATION
fixed length control field 260407a1971 arg spa d
003 - CONTROL NUMBER IDENTIFIER
control field AR-UNSa-BCEJYS
040 ## - CATALOGING SOURCE
Original cataloging agency AR-UNSa-BCEJYS
Language of cataloging spa
Transcribing agency AR-UNSa-BCEJYS
080 ## - UNIVERSAL DECIMAL CLASSIFICATION NUMBER
Universal Decimal Classification number 330.8
Common auxiliary subdivision Historia de las teorías, Doctrinas, Dogmas económicos (pensamiento económico)
100 1# - MAIN ENTRY--PERSONAL NAME
Personal name Estapé, Fabián
245 10 - TITLE STATEMENT
Title Historia sobre del pensamiento económico
264 #1 - PRODUCTION, PUBLICATION, DISTRIBUTION, MANUFACTURE, AND COPYRIGHT NOTICE
Place of production, publication, distribution, manufacture Barcelona :
Name of producer, publisher, distributor, manufacturer Ariel
Date of production, publication, distribution, manufacture, or copyright notice 1971
300 ## - PHYSICAL DESCRIPTION
Extent 356 p.
Dimensions 21 cm.
505 ## - FORMATTED CONTENTS NOTE
Formatted contents note 1. La historia del pensamiento económico según Joseph A. Schumpeter - 2. La creación de erarios públicos en España: El proyecto de Pedro de Oudegherste - 3. Algunos comentarios a la publicación del Ensayo sobre la naturaleza del comercio en general, de Cantillon - 4. José Cangas Arguelles y el pensamiento económico liberal español - 5. Las reflexiones sobre la variación del precio del trigo / Juan López de Peñalver - 6. La extraña asociación de Harriet Taylor y John S. Mill - 7. Thorstein Veblen (1857-1929) - 8. El profesor Schumpeter y el porvenir del sistema económico - 9. El control de los precios según Galbarith - 10. Galbarith y el nuevo capitalismo americano - 11. La sociedad opulenta, estación terminal del capitalismo - 12. La obra de J. A. Schumpeter, veinte años después -
590 ## - LOCAL NOTE (RLIN)
Local note niveau_biblio:m niveau_hierar:0
942 ## - ADDED ENTRY ELEMENTS (KOHA)
Koha item type
Existencias
Withdrawn status Lost status Damaged status Not for loan Home library Current library Shelving location Date acquired Total checkouts Full call number Barcode Date last seen Price effective from Koha item type
        Biblioteca Prof. Eusebio Cleto del Rey Biblioteca Prof. Eusebio Cleto del Rey   07/04/2026   330.8 E79 L12384 07/04/2026 07/04/2026 Libro
        Biblioteca Prof. Eusebio Cleto del Rey Biblioteca Prof. Eusebio Cleto del Rey   07/04/2026   330.8 E79 L12383 07/04/2026 07/04/2026 Libro